Una aluvión de emigrantes latinoamericanos llega a Europa: las reglas son más fáciles
Europa se ha convertido en un destino más frecuente para migrantes legales e ilegales provenientes de América Latina. Esto ha provocado cambios demográficos y linguísticos en la región que se enriquece a su vez de una fuerza laboral con altas tasas de natalidad, frente a las tendencias de envejecimi...
Bewaard in:
| Formaat: | Texto |
|---|---|
| Onderwerpen: | |
| Tags: |
Voeg label toe
Geen labels, Wees de eerste die dit record labelt!
|
MARC
| LEADER | 00000 a a2200000 04500 | ||
|---|---|---|---|
| 001 | 166 | ||
| 003 | |||
| 040 | |||
| 245 | |a Una aluvión de emigrantes latinoamericanos llega a Europa: |b las reglas son más fáciles | ||
| 520 | |a Europa se ha convertido en un destino más frecuente para migrantes legales e ilegales provenientes de América Latina. Esto ha provocado cambios demográficos y linguísticos en la región que se enriquece a su vez de una fuerza laboral con altas tasas de natalidad, frente a las tendencias de envejecimiento que sufre el viejo continente. También se empiezan a generar controles migratorios y medidas de regulación. España es el destino favorito por las facilidades idiomáticas que proporciona, por las relaciones que la unen con los países latinoamericanos y se ha generado un mercado negro de documentos. Actualmente cada país decide sobre la seguridad migratoria pero se contemplan medidas globales por parte de los miembros de la Unión Europea | ||
| 650 | |a DERECHO DE MIGRACION | ||
| 650 | |a POLITICA MIGRATORIA | ||
| 650 | |a TRABAJADORES MIGRATORIOS | ||
| 650 | |a MIGRACION LABORAL | ||
| 650 | |a LENGUAS | ||
| 650 | |a AMERICA LATINA | ||
| 650 | |a EUROPA | ||
| 773 | |g volumen 26, número 3; páginas 21-22 | ||
| 999 | |c 26788 |d 26788 | ||
| 773 | 0 | |0 42310 |9 3167 |a Centro de Estudios Pastoral y Asistencia Migratoria (CEPAM) |d s.l.: CEPAM |o 02207 |t Acontecer Migratorio / |w (cru CIDCACS/IIS)153 | |
